Шримад Бхагаватам. Кн. 6: Первозаконие; Кн. 7: Книга Судеб (Запись № 9888870)

Подробности
000 -МАРКЕР
контрольное поле 01400nam2a2200289 i 4500
001 - ИДЕНТИФИКАТОР ЗАПИСИ
контрольное поле RU\NLR\BIBL_A\010018500
005 - ИДЕНТИФИКАТОР ВЕРСИИ
контрольное поле 20241225205233.0
010 ## - МЕЖДУНАРОДНЫЙ СТАНДАРТНЫЙ НОМЕР КНИГИ (ISBN)
Номер (ISBN) 9785000530375
Тираж 2000
021 ## - НОМЕР ГОСУДАРСТВЕННОЙ РЕГИСТРАЦИИ
Код страны Российская Федерация
Номер 2013-90290
Номер Листа государственной регистраци 6246
035 ## - ДРУГИЕ СИСТЕМНЫЕ НОМЕРА
Идентификатор записи (NLR Aleph) 010018500
100 ## - ДАННЫЕ ОБЩЕЙ ОБРАБОТКИ
Данные общей обработки 20131225d2013 um y0rusy50 ca
101 1# - ЯЗЫК РЕСУРСА
Язык текста, звукозаписи и т.д. русский
Язык оригинала не определено
102 ## - СТРАНА ПУБЛИКАЦИИ ИЛИ ПРОИЗВОДСТВА
Страна публикации Российская Федерация
105 ## - ПОЛЕ КОДИРОВАННЫХ ДАННЫХ: ТЕКСТОВЫЕ МАТЕРИАЛЫ, МОНОГРАФИЧЕСКИЕ
Кодированные данные о монографическом текстовом документе ac||z|||000yy
200 1# - ЗАГЛАВИЕ И СВЕДЕНИЯ ОБ ОТВЕТСТВЕННОСТИ
Основное заглавие Первозаконие; Кн. 7: Книга Судеб
210 ## - ПУБЛИКАЦИЯ, РАСПРОСТРАНЕНИЕ И ДР.
Дата издания, распространения и т.д. 2013
215 ## - ФИЗИЧЕСКАЯ ХАРАКТЕРИСТИКА
Специфическое обозначение материала и объем 447 с.
Другие сведения о физической характеристике ил., портр.
Сопроводительный материал 1 электр. опт. диск (CD-ROM)
300 ## - ОБЩИЕ ПРИМЕЧАНИЯ
Текст примечания Текст аудиокниги читает Сергей Русскин
461 #1 - УРОВЕНЬ НАБОРА
Встроенное поле 001RU\NLR\BIBL_A\010414115
-- 2001#$aШримад Бхагаватам$vКн. 6
Идентификатор связанной записи RU\NLR\BIBL_A\010414115
Системный номер (АБИС) связанной записи 9777511
Автор Вьяса
Место публикации Москва
Дата публикации 2013
Издание 2-е изд.
Первые сведения об ответственности Шри Двайпаяна Вьяса
Имя издателя, распространителя и т.д. Амрита-Русь
Сведения, относящиеся к заглавию Неизреченная Песнь Безусловной Красоты : произведение в 12 книгах : [с транслитерацией в кирилице и литературным переводом : для лиц старше 16 лет]
Заглавие Шримад Бхагаватам
Номер тома Кн. 6
517 1# - ДРУГИЕ ВАРИАНТЫ ЗАГЛАВИЯ
Вариант заглавия Книга Судеб
675 ## - УНИВЕРСАЛЬНАЯ ДЕСЯТИЧНАЯ КЛАССИФИКАЦИЯ (UDC/УДК)
Индекс 233-265.34
702 #1 - ИМЯ ЛИЦА - ВТОРИЧНАЯ ОТВЕТСТВЕННОСТЬ
Начальный элемент ввода Русскин
Часть имени, кроме начального элемента ввода С.
Расширение инициалов личного имени Сергей
Код отношения Актер
942 ## - ДОПОЛНИТЕЛЬНЫЕ ЭЛЕМЕНТЫ ЗАПИСИ (АБИС)
Тип экземпляра АБИС Книга
980 ## - КОЛЛЕКЦИЯ
Название коллекции НБР

Нет доступных экземпляров.